[Event "DVM U10 2016"]
[Site "Magdeburg GER"]
[Date "2016.12.28"]
[Round "3"]
[White "Heinitz, Arthur"]
[Black "Liang, Jiaxuan"]
[Result "0-1"]
[Termination "normal"]
[Board "12.3"]
[WhiteElo "776"]
[BlackElo "984"]
[WhiteTeam "SC Vaterstetten"]
[BlackTeam "SG Königskinder Hohentübingen"]
[PlyCount "78"]
[BlackFideId "34675205"]
[EventCountry "GER"]
[EventRounds "7"]
[EventType "team-swiss"]
[EventDate "2016.12.27"]

1. e4 c5 2. Nc3 Nc6 3. Nf3 e5 4. Bc4 Nf6 5. Ng5 h6 6. Nxf7 Qe7 7. d3 Rg8 8.
Nd6+ Qxd6 9. Bxg8 Nxg8 10. O-O Qg6 11. g3 Bd6 12. Be3 Bc7 13. Bxc5 d6 14. Be3
Bh3 15. Re1 Nf6 16. Nb5 Ba5 17. Nc7+ Bxc7 18. Qf3 Nb4 19. Rec1 d5 20. c3 dxe4
21. dxe4 Nd3 22. Rd1 Nxb2 23. Rdb1 Na4 24. Rxb7 Bb6 25. Bxb6 axb6 26. Rd1 Bg4
27. Qd3 Bxd1 28. Qb5+ Kf8 29. Qc4 Nxe4 30. Qd5 Re8 31. c4 Bf3 32. Qd3 Qf6 33.
Rc7 Nb2 34. Qc2 Qd8 35. Rc6 Qd1+ 36. Qxd1 Nxd1 37. Kf1 Rd8 38. Rxb6 Ne3+ 39.
Ke1 Rd1# 0-1

[Event "DVM U10 2016"]
[Site "Magdeburg GER"]
[Date "2016.12.28"]
[Round "3"]
[White "Dornheim, Carl Friedrich"]
[Black "Müller, Linus"]
[Result "0-1"]
[Termination "normal"]
[Board "13.1"]
[WhiteElo "1234"]
[BlackElo "1156"]
[WhiteTeam "Schachzwerge Magdeburg 1"]
[BlackTeam "Hamburger SK 2"]
[PlyCount "76"]
[WhiteFideId "16252314"]
[BlackFideId "16245946"]
[EventCountry "GER"]
[EventRounds "7"]
[EventType "team-swiss"]
[EventDate "2016.12.27"]

1. e4 c5 2. c3 Nc6 3. d4 cxd4 4. cxd4 g6 5. Nf3 Bg7 6. Nc3 Qb6 7. Be3 Qxb2 8.
Qc1 Qxc1+ 9. Rxc1 Nb4 10. a3 Nc6 11. Nd5 Kd8 12. Bc4 e6 13. Nf4 Nf6 14. Bd3 Ng4
15. O-O Nxe3 16. fxe3 d6 17. Ng5 Ke7 18. Ne2 f5 19. exf5 exf5 20. g4 Bh6 21.
gxf5 Bxg5 22. fxg6 Bxe3+ 23. Kg2 Bxc1 24. Rf7+ Ke6 25. Bc4+ d5 26. Bxd5+ Kxd5
27. g7 Rg8 28. Ng3 Be6 29. Rxb7 Rab8 30. Rc7 Bf4 31. Nh5 Bxc7 32. Nf6+ Kxd4 33.
Nh5 Bd5+ 34. Kh3 Rb3+ 35. Kh4 Bd8+ 36. Kg4 Be6+ 37. Kf4 h6 38. Nf6 Bc7# 0-1

[Event "DVM U10 2016"]
[Site "Magdeburg GER"]
[Date "2016.12.28"]
[Round "3"]
[White "Dorendorf, Mika"]
[Black "Mirschel, Thaddeus"]
[Result "1-0"]
[Termination "normal"]
[Board "13.2"]
[WhiteElo "906"]
[BlackElo "1057"]
[WhiteTeam "Hamburger SK 2"]
[BlackTeam "Schachzwerge Magdeburg 1"]
[PlyCount "36"]
[WhiteFideId "16283066"]
[BlackFideId "16277570"]
[EventCountry "GER"]
[EventRounds "7"]
[EventType "team-swiss"]
[EventDate "2016.12.27"]

1. c4 e5 2. Nc3 Nc6 3. e3 Bc5 4. Nf3 Nf6 5. g3 d5 6. Bg2 dxc4 7. Nxe5 Nxe5 8.
d4 Bxd4 9. exd4 Nc6 10. O-O O-O 11. Re1 Be6 12. d5 Bxd5 13. Nxd5 Nxd5 14. Qxd5
Re8 15. Qxd8 Raxd8 16. Rxe8+ Rxe8 17. Bf4 Re7 18. Rc1 Nd4 1-0

[Event "DVM U10 2016"]
[Site "Magdeburg GER"]
[Date "2016.12.28"]
[Round "3"]
[White "Currenti, Gianluca"]
[Black "Kölmel, Lukas"]
[Result "0-1"]
[Termination "normal"]
[Board "13.3"]
[WhiteElo "948"]
[BlackElo "600"]
[WhiteTeam "Schachzwerge Magdeburg 1"]
[BlackTeam "Hamburger SK 2"]
[PlyCount "78"]
[EventCountry "GER"]
[EventRounds "7"]
[EventType "team-swiss"]
[EventDate "2016.12.27"]

1. e4 c5 2. Nf3 Nc6 3. d4 cxd4 4. Nxd4 Nf6 5. Nc3 e5 6. Nxc6 bxc6 7. Bc4 Bb4 8.
O-O Bxc3 9. bxc3 Nxe4 10. Qf3 d5 11. Be2 Qf6 12. Qxf6 Nxf6 13. Bg5 Ne4 14. Bh4
Nxc3 15. Rfe1 Nxe2+ 16. Rxe2 f6 17. h3 Ba6 18. Re3 Kf7 19. Rc3 Bc4 20. Rb1 Rab8
21. Rxb8 Rxb8 22. Ra3 a6 23. Ra5 Rb2 24. Rc5 Bb5 25. a3 Ke6 26. Rc3 d4 27. Rg3
g5 28. Bxg5 fxg5 29. Rxg5 Rxc2 30. Rh5 Ra2 31. Rxh7 Rxa3 32. Rh6+ Kd5 33. Rg6
d3 34. Kh2 d2 35. Rg8 Rd3 36. Rd8+ Kc4 37. Rxd3 Kxd3 38. Kg3 d1=Q 39. Kh4 a5
0-1

[Event "DVM U10 2016"]
[Site "Magdeburg GER"]
[Date "2016.12.28"]
[Round "3"]
[White "Tietz, Bennit"]
[Black "Hellwig, Konstantin Joshua"]
[Result "0-1"]
[Termination "normal"]
[Board "13.4"]
[WhiteElo "792"]
[BlackElo "908"]
[WhiteTeam "Hamburger SK 2"]
[BlackTeam "Schachzwerge Magdeburg 1"]
[PlyCount "84"]
[WhiteFideId "16286936"]
[EventCountry "GER"]
[EventRounds "7"]
[EventType "team-swiss"]
[EventDate "2016.12.27"]

1. e4 e5 2. Nf3 Nc6 3. Nc3 Nf6 4. Bc4 Nxe4 5. Nxe4 d5 6. Bxd5 Qxd5 7. Nc3 Qd8
8. O-O Bg4 9. h3 Bh5 10. d3 h6 11. Be3 Be7 12. d4 exd4 13. Bxd4 Nxd4 14. Qxd4
O-O 15. Qxd8 Raxd8 16. Nh4 Bxh4 17. Nb5 Be2 18. Rfe1 Bxb5 19. Re4 Bf6 20. c4
Bc6 21. Re2 Rde8 22. Rd2 Re7 23. Rad1 Re6 24. b4 Be5 25. b5 Be4 26. f3 Bg6 27.
a4 Rd6 28. Rxd6 Bxd6 29. a5 Bc5+ 30. Kh1 c6 31. Rd7 cxb5 32. Rxb7 bxc4 33. Rc7
Bb4 34. Rxa7 Bxa5 35. Rxa5 c3 36. Rc5 c2 37. f4 Ra8 38. f5 Ra1+ 39. Kh2 c1=Q
40. Rxc1 Rxc1 41. fxg6 fxg6 42. Kg3 Rc4 0-1

[Event "DVM U10 2016"]
[Site "Magdeburg GER"]
[Date "2016.12.28"]
[Round "3"]
[White "Wähler, Joris"]
[Black "Rapp, Leonard"]
[Result "0-1"]
[Termination "normal"]
[Board "14.2"]
[WhiteElo "890"]
[BlackElo "1479"]
[WhiteTeam "SV Roter Turm Halle 2"]
[BlackTeam "SG Blau-Weiß Stadtilm"]
[PlyCount "83"]
[WhiteFideId "16299388"]
[BlackFideId "16212428"]
[EventCountry "GER"]
[EventRounds "7"]
[EventType "team-swiss"]
[EventDate "2016.12.27"]

1. e4 e5 2. Nf3 Nc6 3. Bc4 Bc5 4. d3 Nf6 5. Nc3 d6 6. Bg5 h6 7. Bxf6 Qxf6 8.
Nd5 Qd8 9. h3 Be6 10. Bb5 O-O 11. Nc3 Qd7 12. Bc4 Bxc4 13. dxc4 Ne7 14. O-O
Rfb8 15. Qd2 a6 16. Nh4 c6 17. Na4 Rd8 18. Rfd1 b6 19. Qd3 Qa7 20. Rd2 Kf8 21.
Rad1 Ke8 22. Qc3 a5 23. a3 Rab8 24. Rd3 Rbc8 25. Qd2 Rb8 26. Nf5 Nxf5 27. exf5
Rbc8 28. f6 gxf6 29. Qxh6 Ke7 30. Qh4 Qd7 31. Qg3 Rg8 32. Qf3 Rgd8 33. b4 axb4
34. axb4 Bd4 35. Rxd4 exd4 36. Nxb6 Qa7 37. Nxc8+ Rxc8 38. Rxd4 Qxd4 39. Qe2+
Qe5 40. Qg4 Ra8 41. g3 Qe1+ 42. Kg2 0-1

[Event "DVM U10 2016"]
[Site "Magdeburg GER"]
[Date "2016.12.28"]
[Round "3"]
[White "Staude, Quentin"]
[Black "Kemper, Matti"]
[Result "0-1"]
[Termination "normal"]
[Board "14.3"]
[WhiteElo "957"]
[BlackElo "908"]
[WhiteTeam "SG Blau-Weiß Stadtilm"]
[BlackTeam "SV Roter Turm Halle 2"]
[PlyCount "46"]
[EventCountry "GER"]
[EventRounds "7"]
[EventType "team-swiss"]
[EventDate "2016.12.27"]

1. e4 e5 2. Nf3 Nc6 3. Nc3 Nf6 4. Bc4 Bc5 5. d3 O-O 6. Be3 d6 7. h3 Bd7 8. Qd2
b6 9. Bg5 Be6 10. Bb3 a5 11. a3 Bd4 12. Nxd4 Nxd4 13. Bd5 Bxd5 14. Nxd5 c6 15.
Nxf6+ gxf6 16. Bh6 Re8 17. c3 Nb3 18. Qe3 Kh8 19. Rb1 Rg8 20. O-O Rg6 21. f4
Rxh6 22. f5 Qf8 23. Qxb6 Nd2 0-1

[Event "DVM U10 2016"]
[Site "Magdeburg GER"]
[Date "2016.12.28"]
[Round "3"]
[White "Rumpold, Jaron"]
[Black "Langer, Eric Jonathan"]
[Result "1-0"]
[Termination "normal"]
[Board "14.4"]
[WhiteElo "933"]
[BlackElo "795"]
[WhiteTeam "SV Roter Turm Halle 2"]
[BlackTeam "SG Blau-Weiß Stadtilm"]
[PlyCount "79"]
[WhiteFideId "16265793"]
[BlackFideId "34686746"]
[EventCountry "GER"]
[EventRounds "7"]
[EventType "team-swiss"]
[EventDate "2016.12.27"]

1. e4 e5 2. Nf3 Nc6 3. d4 Bb4+ 4. Bd2 Bxd2+ 5. Nbxd2 exd4 6. Nb3 Qe7 7. Nbxd4
Qxe4+ 8. Be2 Nf6 9. Nxc6 Qxc6 10. O-O Qe6 11. Re1 O-O 12. Bd3 Qb6 13. b3 d6 14.
h3 Qc6 15. c4 Qd7 16. Qc2 b6 17. Re3 Bb7 18. Ng5 h6 19. Be4 hxg5 20. Bxb7 Rab8
21. Ba6 c6 22. b4 b5 23. c5 Nd5 24. Re4 Nf6 25. Rd4 Qc7 26. Rxd6 Ne8 27. Rd4
Qe5 28. Rdd1 Nc7 29. Re1 Qf6 30. Bxb5 Nxb5 31. Qe4 Nc3 32. Qd3 Rxb4 33. Rec1
Nb5 34. Re1 Nc7 35. Rad1 Rb5 36. Qc2 a6 37. Re2 Rbb8 38. Rde1 Nb5 39. Qd3 Nc7
40. Re7 1-0

[Event "DVM U10 2016"]
[Site "Magdeburg GER"]
[Date "2016.12.28"]
[Round "3"]
[White "Grey, Anna"]
[Black "Korek, Jakob Alexander"]
[Result "0-1"]
[Termination "normal"]
[Board "15.1"]
[WhiteElo "929"]
[BlackElo "1193"]
[WhiteTeam "ESV Lok Falkenberg"]
[BlackTeam "Schachpinguine Berlin"]
[PlyCount "66"]
[WhiteFideId "16226917"]
[BlackFideId "16240022"]
[EventCountry "GER"]
[EventRounds "7"]
[EventType "team-swiss"]
[EventDate "2016.12.27"]

1. d4 d5 2. Nc3 Nf6 3. e3 Nc6 4. Bd2 Bf5 5. Bc1 e6 6. Bd3 Bg6 7. Qe2 a6 8. Bd2
Be7 9. O-O-O Bxd3 10. Qxd3 Qd6 11. f4 Nb4 12. Qe2 c6 13. a3 Nxc2 14. Kxc2 b5
15. Rb1 a5 16. Kd1 b4 17. axb4 axb4 18. Nxd5 Qxd5 19. Ke1 Qf5 20. Qd1 Ne4 21.
Nf3 Nxd2 22. Nxd2 Qd5 23. Nf3 O-O 24. Kf2 Rfd8 25. Rf1 Bd6 26. Kg1 c5 27. Qd2
cxd4 28. Qxd4 Bc5 29. Qxd5 Bxe3+ 30. Kh1 Rxd5 31. Ne1 Rad8 32. Nc2 Bxf4 33.
Nxb4 Rd4 {nicht weiter nachvollziehbar} 0-1

[Event "DVM U10 2016"]
[Site "Magdeburg GER"]
[Date "2016.12.28"]
[Round "3"]
[White "Gorodezki, Andrey"]
[Black "Frenkel, Nico"]
[Result "1-0"]
[Termination "normal"]
[Board "15.2"]
[WhiteElo "1085"]
[BlackElo "1028"]
[WhiteTeam "Schachpinguine Berlin"]
[BlackTeam "ESV Lok Falkenberg"]
[PlyCount "89"]
[BlackFideId "16226950"]
[EventCountry "GER"]
[EventRounds "7"]
[EventType "team-swiss"]
[EventDate "2016.12.27"]

1. e4 e5 2. Nf3 Nc6 3. d4 f6 4. d5 Nb4 5. Nc3 Bc5 6. Bc4 d6 7. Rg1 Bg4 8. h3
Bh5 9. a3 Na6 10. b4 Bb6 11. b5 Bd4 12. Qd3 Bxf3 13. Qxf3 Nc5 14. a4 Ne7 15. a5
Bxc3+ 16. Qxc3 Nxe4 17. Qe3 Nc5 18. Ba3 b6 19. Bb4 O-O 20. axb6 axb6 21. Rxa8
Qxa8 22. Qf3 Qa4 23. c3 Ra8 24. Qe2 Nf5 25. Qb2 Qa7 26. Qc2 g6 27. g4 Ne7 28.
f4 Qa4 29. Qb2 Qa7 30. Rf1 exf4 31. Rxf4 Kg7 32. Qe2 Re8 33. h4 h6 34. Qf3 Rf8
35. Qe3 Rf7 36. Bxc5 bxc5 37. Qe6 f5 38. g5 Qa4 39. gxh6+ Kf8 40. Qd7 Kg8 41.
Qd8+ Rf8 42. Qxe7 Rf7 43. Qe8+ Rf8 44. Qxg6+ Kh8 45. Qg7# 1-0

[Event "DVM U10 2016"]
[Site "Magdeburg GER"]
[Date "2016.12.28"]
[Round "3"]
[White "Do Minh, Philip"]
[Black "Nguyen, Duc Minh"]
[Result "0-1"]
[Termination "normal"]
[Board "15.3"]
[WhiteElo "600"]
[BlackElo "851"]
[WhiteTeam "ESV Lok Falkenberg"]
[BlackTeam "Schachpinguine Berlin"]
[PlyCount "41"]
[EventCountry "GER"]
[EventRounds "7"]
[EventType "team-swiss"]
[EventDate "2016.12.27"]

1. d4 d5 2. Nc3 c6 3. Nf3 Nd7 4. e3 e6 5. Be2 Ngf6 6. b3 Be7 7. Bb2 O-O 8. O-O
Bd6 9. h3 Ne4 10. Bd3 Nxc3 11. Bxc3 Nf6 12. Qe1 Re8 13. Ng5 g6 14. Bb4 Bxb4 15.
Qxb4 a5 16. Qe1 Qb6 17. a4 e5 18. Qd2 e4 19. Be2 h6 20. Nxf7 Kxf7 21. c4 {
nicht mehr nachvollziehbar} 0-1

[Event "DVM U10 2016"]
[Site "Magdeburg GER"]
[Date "2016.12.28"]
[Round "3"]
[White "Schulemann, Gero"]
[Black "Mras, Anton"]
[Result "1-0"]
[Termination "normal"]
[Board "16.1"]
[WhiteElo "1605"]
[BlackElo "921"]
[WhiteTeam "USV Halle"]
[BlackTeam "Stader SV 2"]
[PlyCount "57"]
[WhiteFideId "16227646"]
[EventCountry "GER"]
[EventRounds "7"]
[EventType "team-swiss"]
[EventDate "2016.12.27"]

1. e4 c5 2. c3 d6 3. d4 cxd4 4. cxd4 Nf6 5. Nc3 g6 6. Bc4 Bg7 7. Nf3 O-O 8. O-O
Bd7 9. Re1 Nc6 10. d5 Ne5 11. Nxe5 dxe5 12. Bg5 Qb6 13. Qb3 Qxb3 14. Bxb3 Rae8
15. Rad1 Nh5 16. d6 exd6 17. Rxd6 Be6 18. Ba4 Rc8 19. Be7 Rxc3 20. bxc3 Rc8 21.
Rd8+ Rxd8 22. Bxd8 Bxa2 23. Rd1 Bf6 24. Bxf6 Nxf6 25. Rd8+ Kg7 26. f3 Bc4 27.
Rb8 Ba6 28. Ra8 Nd7 29. Bxd7 1-0

[Event "DVM U10 2016"]
[Site "Magdeburg GER"]
[Date "2016.12.28"]
[Round "3"]
[White "Müller-Borghardt, Jakob"]
[Black "Natebus, Wenzel"]
[Result "1-0"]
[Termination "normal"]
[Board "16.2"]
[WhiteElo "825"]
[BlackElo "955"]
[WhiteTeam "Stader SV 2"]
[BlackTeam "USV Halle"]
[PlyCount "87"]
[BlackFideId "34600787"]
[EventCountry "GER"]
[EventRounds "7"]
[EventType "team-swiss"]
[EventDate "2016.12.27"]

1. d4 d5 2. c4 dxc4 3. e4 e5 4. d5 Nf6 5. f3 Bb4+ 6. Bd2 Bxd2+ 7. Qxd2 c6 8.
Bxc4 cxd5 9. Bxd5 Nxd5 10. exd5 Bf5 11. Nc3 Nd7 12. Nge2 O-O 13. O-O h6 14. Ng3
Qb6+ 15. Qf2 Qxf2+ 16. Rxf2 Bg6 17. f4 exf4 18. Rxf4 Nc5 19. Rd4 Bc2 20. Rb4
Ba4 21. b3 Bd7 22. Nge4 Nxe4 23. Rxe4 Rae8 24. Rae1 Rxe4 25. Nxe4 Bf5 26. Nd6
Bc8 27. Nxc8 Rxc8 28. d6 Rd8 29. Kf2 Kf8 30. Ke3 Ke8 31. Ke4 Kd7 32. Kd5 g5 33.
Re4 Re8 34. Rb4 Rb8 35. a4 a5 36. Rb5 b6 37. b4 axb4 38. Rxb4 f5 39. g3 f4 40.
gxf4 gxf4 41. Rxf4 b5 42. Rf7+ Kd8 43. Rf8+ Kd7 44. Rxb8 1-0

[Event "DVM U10 2016"]
[Site "Magdeburg GER"]
[Date "2016.12.28"]
[Round "3"]
[White "Sultanaliev, Akbar"]
[Black "Timofeev, Ben"]
[Result "0-1"]
[Termination "normal"]
[Board "16.3"]
[WhiteElo "777"]
[BlackElo "788"]
[WhiteTeam "USV Halle"]
[BlackTeam "Stader SV 2"]
[PlyCount "66"]
[EventCountry "GER"]
[EventRounds "7"]
[EventType "team-swiss"]
[EventDate "2016.12.27"]

1. e4 g6 2. d4 Bg7 3. Nf3 Nf6 4. Nc3 b6 5. g3 Bb7 6. Qe2 Ba6 7. Qd2 Bb7 8. Bg2
Ng8 9. O-O Bh6 10. Qd1 Ba6 11. Re1 Bg7 12. b3 Nf6 13. e5 Ng4 14. Bh3 Nh6 15.
Bxh6 Bxh6 16. Bg2 d6 17. exd6 Qxd6 18. Nh4 Nc6 19. Re4 O-O 20. Rb1 Bg7 21. Qe1
e6 22. Qe3 Nb4 23. d5 Nxc2 24. Qd2 Na3 25. Rd1 f5 26. Re2 Bxe2 27. Qxe2 Rfe8
28. dxe6 Rxe6 29. Rxd6 Rxe2 30. f3 cxd6 31. f4 Rd2 32. Bxa8 Bd4+ 33. Kf1 Rxh2
0-1

[Event "DVM U10 2016"]
[Site "Magdeburg GER"]
[Date "2016.12.28"]
[Round "3"]
[White "Vecera, Fabio"]
[Black "Müller, Helene"]
[Result "1/2-1/2"]
[Termination "normal"]
[Board "17.1"]
[WhiteElo "966"]
[BlackElo "1182"]
[WhiteTeam "BSG Grün-Weiß Leipzig 2"]
[BlackTeam "TSV Kitzscher"]
[PlyCount "91"]
[WhiteFideId "16281705"]
[BlackFideId "16240456"]
[EventCountry "GER"]
[EventRounds "7"]
[EventType "team-swiss"]
[EventDate "2016.12.27"]

1. e4 c5 2. Nf3 d6 3. Nc3 Nc6 4. Bb5 Bd7 5. Bxc6 Bxc6 6. d4 cxd4 7. Qxd4 Nf6 8.
Bg5 Nd7 9. O-O h6 10. Be3 e6 11. b4 b6 12. Rfd1 Rc8 13. e5 Bxf3 14. gxf3 Qc7
15. Nb5 Qb8 16. exd6 Rg8 17. Qe4 a6 18. Nc7+ Kd8 19. Qh7 Nf6 20. Qd3 g5 21.
Qxa6 g4 22. Kf1 Nd7 23. a4 e5 24. Rab1 Rg6 25. a5 Bxd6 26. axb6 Bxc7 27. bxc7+
Rxc7 28. Qa2 Qb5+ 29. Rd3 gxf3 30. Qa8+ Rc8 31. Qa5+ Qxa5 32. bxa5 Rg2 33. Bb6+
Ke8 34. Rxf3 Rxh2 35. Ke2 Rxc2+ 36. Kd3 Ra2 37. Kc4 Rh4+ 38. Kb5 e4 39. Rf5
Nxb6 40. Kxb6 Rg4 41. a6 Rg6+ 42. Kb5 Raxa6 43. Re5+ Kf8 44. Re1 Rab6+ 45. Kc5
Rgc6+ 46. Kd4 1/2-1/2

[Event "DVM U10 2016"]
[Site "Magdeburg GER"]
[Date "2016.12.28"]
[Round "3"]
[White "Hick, Richard"]
[Black "Englert, Luca"]
[Result "1-0"]
[Termination "normal"]
[Board "17.2"]
[WhiteElo "1009"]
[BlackElo "600"]
[WhiteTeam "TSV Kitzscher"]
[BlackTeam "BSG Grün-Weiß Leipzig 2"]
[PlyCount "72"]
[WhiteFideId "16269403"]
[BlackFideId "16293088"]
[EventCountry "GER"]
[EventRounds "7"]
[EventType "team-swiss"]
[EventDate "2016.12.27"]

1. e4 e5 2. Nf3 Nc6 3. d4 exd4 4. Nxd4 Nxd4 5. Qxd4 Nf6 6. Nc3 Bd6 7. e5 Qe7 8.
f4 c5 9. Qxd6 Qxd6 10. exd6 O-O 11. Bd3 Re8+ 12. Be2 b6 13. O-O Bb7 14. Bd2 Ne4
15. Nxe4 Rxe4 16. Bf3 Rd4 17. Bxb7 Rb8 18. Be3 Rxd6 19. Ba6 b5 20. Bxc5 Rxa6
21. Rfe1 Rc6 22. Bxa7 Rf8 23. c3 h6 24. Rad1 Rc7 25. Bb6 Rb7 26. Bc5 Rc8 27.
Bf2 Kh8 28. Rc1 Kh7 29. f5 f6 30. Re7 b4 31. Bd4 Kg8 32. b3 Kf8 33. Re3 Kg8 34.
Rce1 bxc3 35. Rxc3 Rxc3 36. Bxc3 Rc7 1-0

[Event "DVM U10 2016"]
[Site "Magdeburg GER"]
[Date "2016.12.28"]
[Round "3"]
[White "Widmann, Maximilian"]
[Black "Müller, Josef"]
[Result "1-0"]
[Termination "normal"]
[Board "17.3"]
[WhiteElo "785"]
[BlackElo "864"]
[WhiteTeam "BSG Grün-Weiß Leipzig 2"]
[BlackTeam "TSV Kitzscher"]
[PlyCount "49"]
[WhiteFideId "16281691"]
[BlackFideId "16246993"]
[EventCountry "GER"]
[EventRounds "7"]
[EventType "team-swiss"]
[EventDate "2016.12.27"]

1. e4 e5 2. Nf3 Nc6 3. Nc3 Bc5 4. Nxe5 Nxe5 5. d4 Bxd4 6. Qxd4 Nc6 7. Qc4 d6 8.
Qb3 Be6 9. Qxb7 Nge7 10. Bg5 f6 11. Be3 Na5 12. Qb5+ Bd7 13. Qxa5 Nc6 14. Qa4
Ne5 15. Qa3 Qb8 16. f4 Ng4 17. Bf2 Qb7 18. Be2 Nh6 19. Bf3 c6 20. Qxd6 Qxb2 21.
O-O Qxc3 22. Bc5 O-O-O 23. Rab1 Qxc5+ 24. Qxc5 Be6 25. Qxc6# 1-0

[Event "DVM U10 2016"]
[Site "Magdeburg GER"]
[Date "2016.12.28"]
[Round "3"]
[White "Brumm, Nico"]
[Black "Mainka, Ingmar"]
[Result "0-1"]
[Termination "normal"]
[Board "18.2"]
[WhiteElo "901"]
[BlackElo "1122"]
[WhiteTeam "Langenfelder Schachfreunde"]
[BlackTeam "DJK Arminia Eilendorf"]
[PlyCount "66"]
[WhiteFideId "16257693"]
[BlackFideId "16254937"]
[EventCountry "GER"]
[EventRounds "7"]
[EventType "team-swiss"]
[EventDate "2016.12.27"]

1. e4 e5 2. Nf3 Nc6 3. d4 exd4 4. Nxd4 Nf6 5. Bg5 h6 6. Bxf6 Qxf6 7. Nxc6 Qxc6
8. Qd4 Qxc2 9. Qe5+ Be7 10. Na3 Qc6 11. Bb5 Qg6 12. O-O c6 13. Bd3 d6 14. Qd4
Bh3 15. g3 Qg4 16. f3 Qg5 17. Rf2 O-O 18. f4 Qh5 19. Be2 Bg4 20. Bxg4 Qxg4 21.
Nc2 Bf6 22. e5 dxe5 23. fxe5 Qxd4 24. Nxd4 Bxe5 25. Nf5 c5 26. Re1 Rfe8 27. Ne3
Rad8 28. Ref1 Bd4 29. Rxf7 Bxe3+ 30. Kg2 Rf8 31. Rxf8+ Rxf8 32. Rxf8+ Kxf8 33.
Kf3 Bd4 0-1

[Event "DVM U10 2016"]
[Site "Magdeburg GER"]
[Date "2016.12.28"]
[Round "3"]
[White "Debets, Mario"]
[Black "Lentz, Johannes Carl"]
[Result "1-0"]
[Termination "normal"]
[Board "18.3"]
[WhiteElo "1026"]
[BlackElo "600"]
[WhiteTeam "DJK Arminia Eilendorf"]
[BlackTeam "Langenfelder Schachfreunde"]
[PlyCount "45"]
[WhiteFideId "16275250"]
[EventCountry "GER"]
[EventRounds "7"]
[EventType "team-swiss"]
[EventDate "2016.12.27"]

1. e4 c5 2. Bc4 e6 3. d3 a6 4. Ne2 Nc6 5. O-O Nf6 6. Bg5 Be7 7. f4 d6 8. Nbc3
O-O 9. f5 exf5 10. exf5 b5 11. Bb3 Bb7 12. a4 b4 13. Ne4 Ne5 14. Nf4 Nxe4 15.
Bxe7 Qxe7 16. dxe4 Qg5 17. Rf2 Bxe4 18. Qxd6 Qxf5 19. Qxc5 Rab8 20. Qd6 Rfd8
21. Qc7 Qd7 22. Qxe5 Bb7 23. Nh5 {nicht mehr nachvollziehbar} 1-0

[Event "DVM U10 2016"]
[Site "Magdeburg GER"]
[Date "2016.12.28"]
[Round "3"]
[White "Koenen, Hugo"]
[Black "Sassenscheidt, Julius"]
[Result "0-1"]
[Termination "normal"]
[Board "18.4"]
[WhiteElo "600"]
[BlackElo "787"]
[WhiteTeam "Langenfelder Schachfreunde"]
[BlackTeam "DJK Arminia Eilendorf"]
[PlyCount "30"]
[BlackFideId "16258509"]
[EventCountry "GER"]
[EventRounds "7"]
[EventType "team-swiss"]
[EventDate "2016.12.27"]

1. e4 d5 2. d4 dxe4 3. Nc3 Nf6 4. Nge2 Bg4 5. f3 Bf5 6. fxe4 Nxe4 7. Nxe4 Bxe4
8. c3 e6 9. Ng3 Bg6 10. Bf4 Bd6 11. Qf3 Nc6 12. O-O-O Bxf4+ 13. Qxf4 Qd5 14. b4
Qxa2 15. Qd2 Qa1# 0-1

[Event "DVM U10 2016"]
[Site "Magdeburg GER"]
[Date "2016.12.28"]
[Round "3"]
[White "Gauer, Liam"]
[Black "Niemann, Leon"]
[Result "0-1"]
[Termination "normal"]
[Board "19.1"]
[WhiteElo "785"]
[BlackElo "1423"]
[WhiteTeam "Hagener SV 2"]
[BlackTeam "Hannover 96"]
[PlyCount "66"]
[WhiteFideId "16235720"]
[BlackFideId "16218388"]
[EventCountry "GER"]
[EventRounds "7"]
[EventType "team-swiss"]
[EventDate "2016.12.27"]

1. d4 Nf6 2. Bf4 d5 3. Nc3 e6 4. Nb5 Bd6 5. Bxd6 cxd6 6. c3 Nc6 7. Qa4 O-O 8.
Nf3 a6 9. Na3 Bd7 10. Qc2 Rc8 11. Qd3 b5 12. Ng5 h6 13. Nf3 Qa5 14. Nc2 e5 15.
dxe5 dxe5 16. b4 Qb6 17. h3 e4 18. Qe3 Qxe3 19. Nxe3 exf3 20. gxf3 Ne5 21. f4
Ng6 22. f5 Nh4 23. Rg1 Nxf5 24. Nxf5 Bxf5 25. Bg2 Rxc3 26. Kd2 d4 27. e3 Rc2+
28. Kd1 d3 29. f3 Rfc8 30. e4 Bg6 31. Bf1 d2 32. e5 Nd5 33. a3 Nc3# 0-1

[Event "DVM U10 2016"]
[Site "Magdeburg GER"]
[Date "2016.12.28"]
[Round "3"]
[White "Janovskij, Konstantin"]
[Black "Schlie, Valentin"]
[Result "1-0"]
[Termination "normal"]
[Board "19.2"]
[WhiteElo "1361"]
[BlackElo "770"]
[WhiteTeam "Hannover 96"]
[BlackTeam "Hagener SV 2"]
[PlyCount "37"]
[WhiteFideId "16225252"]
[BlackFideId "16228103"]
[EventCountry "GER"]
[EventRounds "7"]
[EventType "team-swiss"]
[EventDate "2016.12.27"]

1. e4 e5 2. Nc3 Nc6 3. Nf3 Bc5 4. Nxe5 Nxe5 5. d4 Bd6 6. dxe5 Bxe5 7. Bc4 c6 8.
O-O g6 9. Be3 Qe7 10. Re1 a6 11. f4 Bg7 12. a4 Nh6 13. f5 gxf5 14. exf5 Nxf5
15. Bf4 Qxe1+ 16. Qxe1+ Kd8 17. Bxf7 Nd4 18. Qh4+ Bf6 19. Qxf6# 1-0

[Event "DVM U10 2016"]
[Site "Magdeburg GER"]
[Date "2016.12.28"]
[Round "3"]
[White "Bangiev, Anton"]
[Black "Goda, Maurice"]
[Result "0-1"]
[Termination "normal"]
[Board "19.4"]
[WhiteElo "600"]
[BlackElo "600"]
[WhiteTeam "Hannover 96"]
[BlackTeam "Hagener SV 2"]
[PlyCount "54"]
[WhiteFideId "16267222"]
[BlackFideId "34640940"]
[EventCountry "GER"]
[EventRounds "7"]
[EventType "team-swiss"]
[EventDate "2016.12.27"]

1. d4 d5 2. Nf3 Nc6 3. Bf4 Bf5 4. g3 Nb4 5. Na3 f6 6. Bg2 e5 7. O-O exf4 8.
gxf4 Bd6 9. Qd2 Qe7 10. e3 O-O-O 11. c3 Nc6 12. Rfe1 Be4 13. Nb5 Bxf3 14. Bxf3
g5 15. Nxd6+ Qxd6 16. Qd3 gxf4 17. exf4 Qxf4 18. Bxd5 Qg4+ 19. Bg2 Nh6 20. Qe2
Qg5 21. Kf1 Rhe8 22. Qd3 Qg7 23. Rxe8 Rxe8 24. Bxc6 bxc6 25. Qa6+ Kb8 26. b4
Ng4 27. Re1 Nxh2# 0-1

[Event "DVM U10 2016"]
[Site "Magdeburg GER"]
[Date "2016.12.28"]
[Round "3"]
[White "Schmidt, Dirk"]
[Black "Claussen, Alexander"]
[Result "1/2-1/2"]
[Termination "normal"]
[Board "20.1"]
[WhiteElo "1030"]
[BlackElo "809"]
[WhiteTeam "SV Empor Erfurt"]
[BlackTeam "SF Essen-Werden"]
[PlyCount "42"]
[WhiteFideId "16220544"]
[BlackFideId "16248910"]
[EventCountry "GER"]
[EventRounds "7"]
[EventType "team-swiss"]
[EventDate "2016.12.27"]

1. e4 e6 2. d4 b6 3. Nc3 Bb7 4. Nf3 Bb4 5. Bd3 Nf6 6. e5 Bxc3+ 7. bxc3 Nd5 8.
c4 Ne7 9. O-O d6 10. exd6 Qxd6 11. Be2 c5 12. dxc5 Qxc5 13. Be3 Qc7 14. Qd4 Nf5
15. Qc3 Nxe3 16. fxe3 O-O 17. Rad1 Nc6 18. Rd3 Rad8 19. Rfd1 Qe7 20. Qd2 Qc7
21. Rd7 Qc8 1/2-1/2